000 01399nam a2200217 i 4500
001 164268
003 ES-MaACL
005 20250811074512.0
008 990924m18841889sp l |||| | spa d
100 1 _aSaenz Hérmua y Espinosa, Pedro.
_9132270
245 1 0 _aDiccionario recopilador de los puntos de derecho
_b: resueltos en sentencias del Tribunal Supremo de Justicia /
_cpor Pedro Saenz Hérmua y Espinosa.
260 _aMadrid :
_b[s.n.],
_c1884-1889 (
_fTip. de Manuel G. Hernández)
300 _a4 v. ;
_c21 cm.
505 8 _aI. Desde 1838 hasta fin de diciembre de 1881. Derecho civil y mercantil, legislaciones especiales y fueros, 1884 (603 p.) - II. Desde 1838 hasta fin de diciembre de 1883. Enjuiciamiento civil: precedido de un informe de la Real Academia de Jurisprudencia y Legislación, 1886 (706, [10] p.) - III. Desde 1838 hasta fin de diciembre de 1883. Materia criminal, 1886 (615 p.) - 4. Desde 26 de enero de 1869 a 28 de enero de 1875, con un índice de la legislación controvertida en materia civil y criminal y en los recursos contra la Administración, 1887 (574 p.)
596 _a2 v. son de adiciones.
596 _aNo se publicó más de esta obra.
650 0 0 _aDerecho-
_zEspaña-
_vDiccionarios.
_911612
710 1 _aEspaña.
_bTribunal Supremo
_94004
852 _aES-MaACL
_jC-2990-93
_z- Enc. hol.
_z- Sólo v. I-IV
999 _c164268
_d164268